ZWYCIĘZCY ZŁOTEGO BUTA! - Statystyki

Ogólne statystyki
  • Ten quiz został rozwiązany 406 razy
  • Średni wynik to 19 z 28
Statystyki odpowiedzi
Sezon Narodowość Zwycięzca % Poprawnych
2009/2010 Argentyna Messi
99%
2011/2012 Argentyna Messi
99%
2012/2013 Argentyna Messi
99%
2016/2017 Argentyna Messi
99%
2017/2018 Argentyna Messi
99%
2018/2019 Argentyna Messi
99%
1996/1997 Brazylia Ronaldo
99%
2007/2008 Portugalia Ronaldo
99%
2010/2011 Portugalia Ronaldo
99%
2013/2014 Portugalia Ronaldo
99%
2014/2015 Portugalia Ronaldo
99%
2020/2021 Polska Lewandowski
97%
2021/2022 Polska Lewandowski
97%
2013/2014 Urugwaj Suarez
92%
2015/2016 Urugwaj Suarez
92%
2019/2020 Włochy Immobile
62%
2004/2005 Urugwaj Forlan
57%
2008/2009 Urugwaj Forlan
57%
2003/2004 Francja Henry
53%
2004/2005 Francja Henry
53%
2000/2001 Szwecja Larsson
34%
2006/2007 Włochy Totti
29%
2005/2006 Włochy Toni
16%
1998/1999 Brazylia Jardel
7%
2001/2002 Brazylia Jardel
7%
2002/2003 Holandia Makaay
5%
1997/1998 Grecja Machlas
4%
1999/2000 Anglia Phillips
4%
Nie znaleziono quizów pasujących do podanych kryteriów
Rozkład punktacji
Procent ludzi z każdym wynikiem
Percentyl według liczby udzielonych odpowiedzi
Twoja historia wyników
Nie rozwiązałeś tego quizu